000 00647nam a2200241 i 4500
001 C2-0234067
003 PPAK
005 20180727194630.0
008 010627s2001 my |||| ||||| | eng d
020 _a9676112089
040 _aPPAK
_beng
_cPPAK
_erda
082 0 4 _a899.233
_223
090 0 0 _a899.233
_bZAI
_dG
100 0 _aZailiani Taslim,
_eauthor
245 1 0 _aBraving the waves
264 1 _aKuala Lumpur :
_bUtusan ,
_c2001
300 _a223 pages ;
_c19 cm
336 _2rdacontent
_atext
337 _2rdamedia
_aunmediated
338 _2rdacarrier
_avolume
650 1 0 _aMalay fiction - Translations into English
942 _ddc
_cB
999 _c50397
_d50397